| 000 | 00804nam a22002295i 4500 | ||
|---|---|---|---|
| 001 | 168431 | ||
| 003 | ES-MaACL | ||
| 005 | 20260525062936.0 | ||
| 008 | 080409s1985 sp |||| | spa d | ||
| 020 | _a84-239-1655-3 | ||
| 080 | _a821.134.2-23"19" | ||
| 100 | 1 |
_aBuero Vallejo, Antonio, _d1916-2000 _932421 |
|
| 245 | 1 | 0 |
_aDiálogo secreto _b: fantasía en dos partes / _cAntonio Buero Vallejo ; introducción de Luis Iglesias Feijoo. |
| 260 |
_aMadrid : _bEspasa Calpe, _c[1985] |
||
| 300 |
_a132 p. ; _c17 cm. |
||
| 490 | 1 |
_aColección austral ; _v1655 |
|
| 504 | _aBibliografía: p. [31]-34. | ||
| 700 | 1 |
_aIglesias Feijoo, Luis. _965110 |
|
| 830 | 0 |
_aColección austral _v1655 _9177655 |
|
| 852 |
_aES-MaACL _jE-12222 _9R.190488 _z.- Biblioteca Jacinto Martínez Lacalle |
||
| 999 |
_c168431 _d168431 |
||